000 00465nam a22001817a 4500
003 koha_MIRAKIL
005 20231213095817.0
008 231213b |||||||| |||| 00| 0 ||| d
020 _b978-9-75610716-4
040 _aTR-IsEVY
_btur
_cTR-IsEVY
082 _a817.42 SOT/S
100 _aSota, Mine.
245 0 _aSiz adamı ölmekten güldürürsünüz.
260 _bCarpe Diem Kitap,
_c2014
300 _a166
650 _aTürk Edebiyatı.
942 _2ddc
_cBK
999 _c9821
_d9821